00531nam a2200193 a 4500001001300000003000900013005001700022008004100039020000900080082001700089100001600106245007000122260004300192300000900235500003500244505001000279650003200289700001600321nice12345678IN_TiNIC20260116012023.0050524s1972 dela grp 000 0 eng  ac3500a954.022bJAF aJaffar, S M aMediaeval India, Under Muslim Kingsb Rise and Fall of Ghaznawids aDelhibIdarah-I Adabiyat-I Dellic1972 a280p aincludes index and biblioraphy2 aIndex aIndia-History Muslim Period1 aJaffar, S M